000 00804cab a2200241 4500
001 WB3330-25
008 090401t1997 xxu||||| |||| 00| 0 eng d
035 _a(Sirsi) u80033
041 _aeng
245 _aDocument seen as `blueprint`
260 _c1997
350 _a0
490 _aHousing Today
_v(43) 24 July 1997, 3(1)
520 _aThe Housing Corporation has issued a revised version of the social housing standard, "Performance Standards", which is to provide a blueprint for a new regulatory regime for housing associations. (For a copy ring 0171 393 2000)
650 _aHOUSING ASSOCIATIONS
650 _aHOUSING CORPORATION
650 _aPERFORMANCE STANDARDS
650 _aREGULATIONS
650 _aSOCIAL HOUSING
690 _aHOUSING
942 _n0
948 _c30/07/1997
999 _c50373
_d50373